| 000 | 00812 a2200193 4500 | ||
|---|---|---|---|
| 003 | NUST | ||
| 005 | 20251216181955.0 | ||
| 040 | _cNust | ||
| 082 | _a621.382,SAA | ||
| 100 |
_aSaadat Ali Khan, GC Fazal TCC-22 _9132341 |
||
| 245 |
_aIdentification of Concealed weapon detection in human body using infrared images / _bGC Fazal Saadat Ali Khan, GC Mussab Sabir, GC Haseeb Bin Saleem, FC Abu Bakar and FC Arhouma TCC-22 |
||
| 260 |
_aRawalpindi _bMCS (NUST) _cJune 2014 |
||
| 300 | _axi:56 p.' | ||
| 505 | _aIntroduction (Page-1), Literature Review (Page-7), Design and Development (Page-17), Project Analysis and Evolution (Page-35), Future Work and Conclusion (Page-43). | ||
| 650 |
_aUG Project _9131132 |
||
| 651 |
_aTCC-22 _9131223 |
||
| 700 |
_aSupervised by Dr. Adil Masood _9132184 |
||
| 942 |
_cPR _2ddc |
||
| 999 |
_c212158 _d212158 |
||